000 nam a22 7a 4500
999 _c7405
_d7405
008 170828b xxu||||| |||| 00| 0 eng d
100 _93940
_aMukherjee
245 _aSocial Science-8
260 _aNew Delhi
_c2015